El segundo hombre

Guardat en:
Dades bibliogràfiques
Autor principal: Behrman, Samuel Nathaniel (Autor)
Format: Llibre
Idioma:espanyol
Publicat: Buenos Aires Sudamericana 1959
Matèries:
Etiquetes: Afegir etiqueta
Sense etiquetes, Sigues el primer a etiquetar aquest registre!

MARC

LEADER 00000nam a2200000 a 4500
001 UCQ3647
003 CL-VaPUC
008 980821e19590000AG |||||||||||||||||spa|d
082 0 4 |a 812  |b BEH  |2 21 
100 0 |a Behrman, Samuel Nathaniel  |e author  |9 417904 
245 1 3 |a El segundo hombre 
246 1 0 |a Biografía 
246 1 0 |a Lluvia del cielo 
246 1 3 |a El fin del verano 
300 |a 457 p 
942 |c BK 
945 |d 19980821 00:00:00  |a crobeson 
260 |a Buenos Aires  |b Sudamericana  |c 1959 
650 7 |a DRAMAS ESTADOUNIDENSES  |2 CL-VaPUC  |9 267218 
650 0 |a Literatura estadounidense  |9 317168 
583 |a last modification  |c 19980821 00:00:00  |k Rodrigo Vera 
999 |c 274165  |d 274163 
952 |0 0  |1 0  |4 0  |6 812_000000000000000_BEH_1959  |7 0  |8 A  |9 310267  |a BIBEDU  |b BIBEDU  |d 2019-11-20  |i 1456679  |o 812 BEH 1959  |p 1456679  |r 2019-11-20  |w 2019-11-20  |y BK  |k LIT